The Tejano community, 1836-1900 /

Bibliographic Details
Main Author: De León, Arnoldo, 1945-
Format: Book
Language:English
Published: Albuquerque : University of New Mexico Press, [1982]
Edition:1st ed.
Subjects:

MARC

Tag First Indicator Second Indicator Subfields
LEADER 00000pam a2200000 a 4500
001 in00000082452
005 20151008061203.0
008 810825s1982 nmua b s00110 eng
010 |a  81052053  
020 |a 0826305865 :  |c $19.95 
035 |a (OCoLC)07775659 
035 |9 AAJ7506AM 
039 0 |a 2  |b 3  |c 3  |d 3  |e 3 
040 |a DLC  |c DLC  |d TXA  |d UtOrBLW 
043 |a n-us-tx 
049 |a TXAM  |c [1561111] 
050 0 0 |a F395.M5  |b D4 
082 0 |a 976.4/0046872  |2 19 
090 |a F395.M5  |b D45 1982 
100 1 |a De León, Arnoldo,  |d 1945- 
245 1 4 |a The Tejano community, 1836-1900 /  |c by Arnoldo De Leon ; with a contribution by Kenneth L. Stewart. 
250 |a 1st ed. 
264 1 |a Albuquerque :  |b University of New Mexico Press,  |c [1982] 
264 4 |c ©1982 
300 |a xix, 277 pages :  |b illustrations ;  |c 25 cm. 
336 |a text  |b txt  |2 rdacontent 
337 |a unmediated  |b n  |2 rdamedia 
338 |a volume  |b nc  |2 rdacarrier 
500 |a Includes index. 
504 |a Bibliography: pages 256-268. 
650 0 |a Mexican Americans  |z Texas  |x Social life and customs. 
650 0 |a Mexican Americans  |z Texas  |x Social conditions. 
651 0 |a Texas  |x Social life and customs. 
651 0 |a Texas  |x Social conditions. 
999 |a MARS 
999 f f |s 6846c58a-c2cc-36ce-8cd9-c22c4a124c9b  |i 95d34797-c20f-3c01-bda7-5383cfdb097b  |t 0 
952 f f |p normal  |a Texas A&M University  |b College Station  |c Sterling C. Evans Library  |d Evans: Library Stacks  |t 0  |e F395.M5 D45 1982  |h Library of Congress classification  |i unmediated -- volume  |m A14806109833 
998 f f |a F395.M5 D45 1982  |t 0  |l Evans: Library Stacks